Poor people's movements : why they succeed, how they fail
Αποθηκεύτηκε σε:
| Κύριος συγγραφέας: | |
|---|---|
| Άλλοι συγγραφείς: | |
| Μορφή: | Βιβλίο |
| Γλώσσα: | English |
| Δημοσίευση: |
New York :
Vintage books,
1979
|
| Θέματα: | |
| Ετικέτες: |
Προσθήκη ετικέτας
Δεν υπάρχουν, Καταχωρήστε ετικέτα πρώτοι!
|
MARC
| LEADER | 00000nam a2200000 i 4500 | ||
|---|---|---|---|
| 001 | 1/71447 | ||
| 008 | 080121s1979 eng d | ||
| 020 | |a 0-394-72697-9 | ||
| 035 | |l 10093905 | ||
| 040 | |a GR-MY-UA |b gre |e aacr | ||
| 041 | 0 | |a eng | |
| 082 | 0 | |a 322.440973 |2 (22) | |
| 100 | 1 | |a Piven, Frances Fox. | |
| 245 | 1 | 0 | |a Poor people's movements : |b why they succeed, how they fail / |c by Frances Fox Piven and Richard A. Cloward |
| 260 | |a New York : |b Vintage books, |c 1979 | ||
| 300 | |a xxiv, 381 σ.; |c 20 εκ. | ||
| 504 | |a Περιέχει βιβλιογραφικές παραπομπές και ευρετήριο | ||
| 650 | 0 | 0 | |a Working class |z United States |x Political activity |x History. |
| 650 | 0 | 0 | |a African Americans |x Civil rights |x History. |
| 650 | 0 | 0 | |a Welfare rights movement |z United States |x History. |
| 700 | 1 | |a Cloward, Richard A. | |
| 852 | |a INST |b LESVOS |e 20080121 |h 322.440973 PIV |p 005100040295 |q 005100040295 |t BK |y 0 | ||
| 901 | |a BIBL1-2008-1 | ||
| 909 | |a Λ |b 144371 | ||
| 922 | |a 1ΕΛΗ |b 200801 |c ΕΠΕΑΕΚ2/ΤΚ |d ΠΑΠΑΣΩΤΗΡΙΟΥ | ||
| 970 | |a ΚΑΡΑ |b ΓΙΑΣΕΜΗ |z 2008/01/21 | ||